| 000 | 01321nam0a2200337 4500 | ||
|---|---|---|---|
| 001 | RU\NLR\BIBL_A\012709252 | ||
| 005 | 20220304112731.0 | ||
| 010 |
_a978-5-9287-3328-5 _95000 |
||
| 021 |
_aRU _bКН-П-21-069885 _9КН-П-21-6003 |
||
| 035 | _a(NLR Aleph) 012709252 | ||
| 035 | _a(RuMoRGB)010859185 | ||
| 090 |
_a12904786 _c12904786 |
||
| 100 | _a20220217d2021 u y0rusy50 ca | ||
| 101 | 1 |
_arus _ceng |
|
| 102 | _aRU | ||
| 105 | _aa|||z||||||a| | ||
| 181 | 1 |
_ai3 _b e |
|
| 182 | 1 | _an | |
| 200 | 1 |
_aСобака Баскервилей _eповесть _fДойль А. К _gАртур Конан Дойл _g[перевод с английского Н. А. Волжиной] _gиллюстрации Сидни Пейджета |
|
| 203 |
_aТекст _bвизуальный _cнепосредственный |
||
| 210 |
_aМосква _cЛабиринт-Пресс _d2021 |
||
| 215 |
_a236, [4] с. _cил. _d21 |
||
| 225 | 1 | _aБиблиотека приключений | |
| 333 | _a12+ | ||
| 686 | 1 | _aШ6(4Вл)57-446{Лх1297-60} | |
| 700 | 1 |
_7ca _8rus _aДойл _bА. К. _f1859-1930 _gАртур Конан _9113265 _3RU\NLR\AUTH\773259 |
|
| 702 | 1 |
_aПейджет _bС. _f1860-1908 _gСидни _4440 |
|
| 942 | _cBOOK | ||
| 980 | _aNB | ||